[Event "Romulus (RVO/2/8)"]
[Site "?"]
[Date "1994.??.??"]
[Round "?"]
[White "Jarosz, Stan"]
[Black "Franke, R."]
[Result "1-0"]
[WhiteElo "2095"]
[BlackElo "1800"]
[PlyCount "125"]
[EventDate "1994.??.??"]

{2/(8)} 1. d4 Nf6 2. Nf3 d5 3. Bf4 e6 4. e3 c5 5. c3 Nc6 6. Bd3 Bd6 7. Bxd6
Qxd6 8. O-O a6 9. a4 O-O 10. Nbd2 Bd7 11. Re1 e5 12. dxe5 Nxe5 13. Nxe5 Qxe5
14. Nf3 Qc7 15. h3 Rfe8 16. Qc2 g6 17. Red1 Rad8 18. a5 Rc8 19. c4 dxc4 20.
Bxc4 Be6 21. Nd2 Qe7 22. Bxe6 Qxe6 23. Nc4 Red8 24. Nb6 Rxd1+ 25. Rxd1 Rc6 26.
Qd3 h5 27. Qd8+ Qe8 28. Qxe8+ Nxe8 29. Rd8 Kf8 30. Rb8 Rc7 31. Nd5 Rd7 32. Nf6
Re7 33. Nxe8 Rxe8 34. Rxb7 Re4 35. Rb6 Rb4 36. Rxb4 cxb4 37. Kf1 Ke7 38. Ke2
Kd6 39. Kd3 Kd5 40. e4+ Ke5 41. b3 g5 42. Ke3 f6 43. Kd3 Ke6 44. Kc4 Kd6 45.
Kd4 h4 46. f3 Ke6 47. Kc5 Ke5 48. Kxb4 Kd4 49. Ka3 Kc5 50. b4+ Kd6 51. b5 axb5
52. Kb4 Kc6 53. a6 Kb6 54. a7 Kxa7 55. Kxb5 Kb7 56. Kc5 Kc7 57. Kd4 Kd7 58. e5
Ke7 59. Ke4 Ke6 60. exf6 Kxf6 61. f4 Kg6 62. Ke5 Kh5 63. Kf5 1-0

[Event "Romulus (RVO/4/5)"]
[Site "?"]
[Date "1994.??.??"]
[Round "?"]
[White "Jarosz, Stan"]
[Black "Drysdale, Gilbert"]
[Result "0-1"]
[WhiteElo "2095"]
[BlackElo "1755"]
[PlyCount "150"]
[EventDate "1994.??.??"]

{4/(5)} 1. d4 e5 2. dxe5 Nc6 3. Nf3 Qe7 4. Bd2 Nxe5 5. Nxe5 Qxe5 6. Bc3 Qe6 7.
e3 Nf6 8. Be2 c6 9. Bf3 d5 10. Nd2 Ne4 11. Nxe4 dxe4 12. Be2 Qg6 13. g3 Bh3 14.
Qd4 Rd8 15. Qxa7 Bg2 16. Rg1 Bf3 17. Bxf3 exf3 18. Qxb7 Qd6 19. Qb3 Be7 20. Qc4
O-O 21. Qf4 Qd5 22. Qe5 Bf6 23. Qxd5 Bxc3+ 24. bxc3 Rxd5 25. g4 Rfd8 26. Rg3
Rd2 27. Rxf3 Rxc2 28. e4 Rdd2 29. Rd1 Rxd1+ 30. Kxd1 Rxa2 31. Rd3 Kf8 32. Rd2
Ra3 33. Kc2 Ke7 34. f4 Ra1 35. Kd3 Rg1 36. g5 Rf1 37. Ke3 Rc1 38. Kd4 Kd6 39.
e5+ Kc7 40. Rf2 Rd1+ 41. Ke3 Re1+ 42. Kd2 Re4 43. Kd3 Re1 44. Rf3 Rd1+ 45. Ke4
Re1+ 46. Kf5 Kd7 47. Rh3 Ke7 48. Rxh7 g6+ 49. Kg4 Rg1+ 50. Kf3 Rc1 51. h4 Rxc3+
52. Kg4 Rc1 53. h5 Rg1+ 54. Kf3 gxh5 55. Rxh5 Rf1+ 56. Ke3 c5 57. Rh6 Rd1 58.
Rc6 Rd5 59. Ke4 Rd4+ 60. Kf5 c4 61. Rc7+ Kd8 62. Rxf7 c3 63. g6 c2 64. g7 Rxf4+
65. Kxf4 c1=Q+ 66. Kf5 Qc2+ 67. Kg5 Qg2+ 68. Kh6 Qh2+ 69. Kg6 Qc2+ 70. Rf5 Qg2+
71. Kf7 Qb7+ 72. Kg8 Qd5+ 73. Kh7 Qh1+ 74. Kg6 Qg2+ 75. Rg5 Qc6+ 0-1

[Event "Eastpointe (US Am N/3/14)"]
[Site "?"]
[Date "1994.??.??"]
[Round "?"]
[White "Jarosz, Stan"]
[Black "Carvell, John"]
[Result "1-0"]
[WhiteElo "2040"]
[BlackElo "1605"]
[PlyCount "95"]
[EventDate "1994.??.??"]

{3/(14)} 1. d4 d5 2. Nf3 Nf6 3. Bf4 e6 4. e3 Bd6 5. Bg3 O-O 6. Nbd2 c5 7. c3
Nc6 8. Bd3 Qc7 9. Bxd6 Qxd6 10. O-O c4 11. Bc2 e5 12. dxe5 Nxe5 13. Nxe5 Qxe5
14. Nf3 Qh5 15. h3 b5 16. Nd4 Qg5 17. Qf3 Ne4 18. Rfd1 Bd7 19. Ne2 Bc6 20. Qf4
Qxf4 21. Nxf4 Rad8 22. Rd4 Rfe8 23. Rad1 Nf6 24. e4 g5 25. Nxd5 Nxd5 26. exd5
Bb7 27. d6 Re2 28. R1d2 Rxd2 29. Rxd2 Rd7 30. f3 f6 31. Kf2 h6 32. Ke3 Kf7 33.
Be4 Bxe4 34. Kxe4 Ke6 35. g4 a6 36. a3 Rxd6 37. Rxd6+ Kxd6 38. Kf5 Ke7 39. Kg6
Ke6 40. Kxh6 Kf7 41. Kh7 f5 42. Kh6 Kf6 43. Kh5 a5 44. Kh6 a4 45. Kh5 fxg4 46.
hxg4 b4 47. axb4 Ke5 48. Kxg5 1-0

[Event "Eastpointe (US Am N/1b/3)"]
[Site "?"]
[Date "1994.??.??"]
[Round "?"]
[White "Jarosz, Stan"]
[Black "Carpenter, George"]
[Result "1-0"]
[WhiteElo "2040"]
[BlackElo "1605"]
[PlyCount "98"]
[EventDate "1994.??.??"]

1. d4 d5 2. Nf3 Nf6 3. Bf4 g6 4. e3 Bg7 5. h3 O-O 6. Be2 Nbd7 7. O-O c6 8. Nbd2
Re8 9. c4 c5 10. Qb3 cxd4 11. exd4 Nb6 12. c5 Nbd7 13. Rac1 Nh5 14. Be3 e5 15.
Qxd5 exd4 16. Nxd4 Nf4 17. Bxf4 Bxd4 18. Qxd4 Rxe2 19. c6 bxc6 20. Rxc6 Qh4 21.
Nf3 Qh5 22. Rxc8+ Rxc8 23. Qxd7 Rce8 24. Qxa7 Qd5 25. Qa3 Qc4 26. Bh6 Qc2 27.
Qc3 Qxb2 28. Qxb2 Rxb2 29. Ra1 Ree2 30. Rd1 Re8 31. Rd7 Rxa2 32. Ng5 Rae2 33.
Rxf7 R2e7 34. Rxe7 Rxe7 35. f3 Re2 36. Kh2 Rc2 37. Kg3 Rb2 38. f4 Ra2 39. Kf3
Ra3+ 40. Kg4 Rb3 41. h4 Rb5 42. g3 Rf5 43. h5 Kh8 44. hxg6 hxg6 45. Nf3 Kg8 46.
Ne5 Rf6 47. Kg5 Re6 48. Nxg6 Kf7 49. Ne5+ Kg8 $138 1-0

[Event "Eastpointe (US Am N/5/7)"]
[Site "?"]
[Date "1994.??.??"]
[Round "?"]
[White "Jarosz, Stan"]
[Black "Bailey, Jason"]
[Result "1-0"]
[WhiteElo "2040"]
[BlackElo "1760"]
[PlyCount "71"]
[EventDate "1994.??.??"]

{5/(7)} 1. d4 d5 2. Nf3 g6 3. Bf4 Bg7 4. e3 Bf5 5. Be2 Nd7 6. O-O Ngf6 7. h3
O-O 8. Nbd2 c5 9. c3 Rc8 10. Ne5 Qb6 11. Qb3 cxd4 12. exd4 Rfe8 13. Rfe1 Qxb3
14. axb3 a6 15. b4 Nf8 16. Nb3 Ne6 17. Bh2 Nc7 18. Nc5 Rb8 19. Nxf7 Kxf7 20.
Bxc7 Ra8 21. Be5 Bc8 22. b5 a5 23. b6 Nd7 24. Bb5 Bxe5 25. Bxd7 Bxd7 26. Rxe5
Bc6 27. Ne6 Ra6 28. Nc7 Rxb6 29. Nxe8 Kxe8 30. Rxa5 Rxb2 31. Ra8+ Kf7 32. Rh8
Kg7 33. Rc8 Rc2 34. Rxe7+ Kf6 35. Rxh7 Rxc3 36. Rxb7 1-0

[Event "Detroit (MCO/C/6/3)"]
[Site "?"]
[Date "1994.??.??"]
[Round "?"]
[White "James, Larry"]
[Black "al-Shareef, Robert"]
[Result "1-0"]
[WhiteElo "1605"]
[BlackElo "1605"]
[PlyCount "77"]
[EventDate "1994.??.??"]

{6/(3)} 1. e4 d6 2. d4 Nf6 3. Nc3 g6 4. f4 Bg7 5. e5 dxe5 6. fxe5 Nd5 7. Nxd5
Qxd5 8. Nf3 Bg4 9. Be2 Nd7 10. c3 c5 11. Be3 O-O 12. O-O cxd4 13. cxd4 Rac8 14.
h3 Bf5 15. Bd3 Bxd3 16. Qxd3 Nxe5 17. Nxe5 Bxe5 18. Qd2 Rfd8 19. Rfd1 Bg7 20.
a3 Qb3 21. Qe1 Rc2 22. Bf2 e6 23. Qa5 b6 24. Qxa7 Rxf2 25. Kxf2 Bxd4+ 26. Rxd4
Rxd4 27. Qb8+ Kg7 28. Qe5+ f6 29. Qxd4 e5 30. Qc3 Qe6 31. Rc1 Qf5+ 32. Kg1 Qg5
33. Rd1 e4 34. Re1 Qd5 35. Qc7+ Kh6 36. Qf4+ Kg7 37. Qxe4 Qxe4 38. Rxe4 f5 39.
Re6 1-0

[Event "Detroit (MCO/C/3b/2)"]
[Site "?"]
[Date "1994.??.??"]
[Round "?"]
[White "James, Larry"]
[Black "Wright, Ken"]
[Result "1-0"]
[WhiteElo "1605"]
[BlackElo "1605"]
[PlyCount "105"]
[EventDate "1994.??.??"]

1. e4 d5 2. exd5 Qxd5 3. Nc3 Qa5 4. d4 Nf6 5. Bd2 e6 6. a3 Qb6 7. Nf3 Qxb2 8.
Nb5 Na6 9. Bc3 Qxa1 10. Qxa1 c6 11. d5 cxb5 12. Bxb5+ Bd7 13. Bxd7+ Nxd7 14.
dxe6 fxe6 15. O-O O-O-O 16. Qb2 Ndc5 17. Rb1 b6 18. Qb5 Kb7 19. Ne5 Rc8 20. Nc4
Nc7 21. Na5+ Ka8 22. Qc6+ Kb8 23. Be5 Be7 24. Rb5 Rhd8 25. Qf3 Rd5 26. Nc6+ Kb7
27. Nxe7 Rf8 28. Rxc5 Rxf3 29. Rxc7+ Ka6 30. gxf3 Rxe5 31. Nc6 Rg5+ 32. Kf1 Kb5
33. Nd4+ Ka6 34. Nxe6 Rf5 35. f4 Rf6 36. Nxg7 Rxf4 37. Ne6 Rf6 38. Ng5 h6 39.
Ne4 Rf5 40. Kg2 Rf4 41. f3 Rf5 42. Kg3 Ra5 43. Rc3 Rd5 44. Rd3 Re5 45. Nd6 Re2
46. Rd4 b5 47. c4 bxc4 48. Nxc4 Re6 49. Rd6+ Rxd6 50. Nxd6 Ka5 51. f4 Ka4 52.
f5 Kxa3 53. Nb5+ 1-0

[Event "Detroit (MCO/C/1b/2)"]
[Site "?"]
[Date "1994.??.??"]
[Round "?"]
[White "James, Larry"]
[Black "Lauer, R."]
[Result "1-0"]
[WhiteElo "1605"]
[BlackElo "1605"]
[PlyCount "79"]
[EventDate "1994.??.??"]

1. e4 e6 2. d4 g6 3. e5 Bg7 4. Nf3 Ne7 5. Bg5 O-O 6. Be2 b6 7. Nbd2 Bb7 8. c3
d6 9. exd6 cxd6 10. Qc2 Nd7 11. Ne4 Bxe4 12. Qxe4 Re8 13. h4 e5 14. Rd1 f6 15.
Be3 d5 16. Qc2 e4 17. Nd2 f5 18. h5 Qc8 19. hxg6 Nxg6 20. Bh6 Bxd4 21. Nxe4
Bxf2+ 22. Nxf2 Nf6 23. Qd3 Qe6 24. Rd2 Rad8 25. Qd4 Ne7 26. Rh3 Nc6 27. Rg3+
Kf7 28. Rg7+ Kf8 29. Qf4 Re7 30. Rxh7+ Ke8 31. Rxe7+ Kxe7 32. Qe3 Ne4 33. Nxe4
Qxe4 34. Qxe4+ dxe4 35. Bg5+ Ke8 36. Bxd8 Nxd8 37. Rd5 f4 38. Re5+ Kd7 39. Rxe4
Ne6 40. Bg4 1-0

[Event "Detroit (MCO/C/5/2)"]
[Site "?"]
[Date "1994.??.??"]
[Round "?"]
[White "James, Larry"]
[Black "Allen, D."]
[Result "0-1"]
[WhiteElo "1605"]
[BlackElo "1605"]
[PlyCount "62"]
[EventDate "1994.??.??"]

{5/(2)} 1. e4 e5 2. Nf3 Nc6 3. Bb5 a6 4. Ba4 b5 5. Bb3 d6 6. O-O Nf6 7. Re1 Na5
8. c3 Nxb3 9. Qxb3 Be6 10. Qc2 Bg4 11. Qd1 Be7 12. d3 h6 13. h3 Be6 14. d4 exd4
15. cxd4 d5 16. e5 Nd7 17. Nc3 c5 18. dxc5 Nxc5 19. Nd4 Qd7 20. Nxe6 Nxe6 21.
Qxd5 Qxd5 22. Nxd5 Bc5 23. Be3 Bxe3 24. Rxe3 O-O 25. Rae1 Rad8 26. Nc3 Rd2 27.
R1e2 Rfd8 28. Kf1 Nf4 29. Rxd2 Rxd2 30. b3 b4 31. Ne2 Rd1# 0-1

[Event "Detroit (MCO/DEU/1a/14)"]
[Site "?"]
[Date "1994.??.??"]
[Round "?"]
[White "Jackson, Katrina"]
[Black "Brooks, R."]
[Result "1-0"]
[WhiteElo "1605"]
[BlackElo "1605"]
[PlyCount "85"]
[EventDate "1994.??.??"]

1. d4 d5 2. c4 e6 3. Nc3 Nf6 4. Nf3 Nc6 5. a3 Be7 6. e3 O-O 7. Be2 e5 8. dxe5
Ng4 9. cxd5 Ncxe5 10. Nxe5 Nxe5 11. O-O Bd6 12. e4 Re8 13. Bb5 Bd7 14. f4 Ng6
15. f5 Ne5 16. Bf4 c6 17. dxc6 bxc6 18. Qxd6 Qb6+ 19. Kh1 cxb5 20. Bxe5 Qxd6
21. Bxd6 Rac8 22. Rad1 g6 23. fxg6 hxg6 24. Bb4 Bc6 25. Rfe1 a6 26. e5 Bb7 27.
Rd7 Bc6 28. Rd6 Kg7 29. e6 Rc7 30. Nd5 Rd7 31. Bc3+ Kf8 32. exd7 Bxd7 33. Rxd7
Rc8 34. Bb4+ Kg7 35. h3 g5 36. Bc3+ Kf8 37. Re5 Re8 38. Bb4+ Kg7 39. Rxe8 Kg6
40. Rg8+ Kh7 41. Nf6+ Kh6 42. Rxf7 a5 43. Rh7# 1-0

[Event "Novi (MI Women/5/6)"]
[Site "?"]
[Date "1994.??.??"]
[Round "?"]
[White "Jackson, K."]
[Black "Zarzycki, Katherine"]
[Result "1-0"]
[WhiteElo "1605"]
[BlackElo "1605"]
[PlyCount "51"]
[EventDate "1994.??.??"]

{5/(6)} 1. d4 d5 2. c4 dxc4 3. Nc3 Nc6 4. e4 Nxd4 5. Bxc4 Nf6 6. Be3 Nc6 7.
Qxd8+ Kxd8 8. O-O-O+ Nd7 9. Bxf7 Nb4 10. Nf3 b6 11. Ne5 e6 12. Nxd7 Bd6 13.
Bxe6 Re8 14. Bg5+ Re7 15. Bxe7+ Kxe7 16. Bf5 Bf4+ 17. Kb1 Bxd7 18. Rxd7+ Ke8
19. Rhd1 g6 20. e5 gxf5 21. e6 Bxh2 22. g3 Na6 23. Rh1 Bxg3 24. fxg3 b5 25.
Rhxh7 Nc5 26. Rh8# 1-0

[Event "Novi (MI Women/2/1)"]
[Site "?"]
[Date "1994.??.??"]
[Round "?"]
[White "Jackson, K."]
[Black "Tucker, L."]
[Result "0-1"]
[WhiteElo "1605"]
[BlackElo "2030"]
[PlyCount "68"]
[EventDate "1994.??.??"]

{2/(1)} 1. d4 d5 2. c4 e6 3. Nc3 Nf6 4. Nf3 Be7 5. Bf4 a6 6. e3 O-O 7. a3 dxc4
8. Bxc4 b5 9. Bd3 Bb7 10. e4 Nbd7 11. O-O Nb6 12. b4 Nh5 13. Be5 Nd7 14. Nd2
Nxe5 15. Qxh5 Nxd3 16. d5 exd5 17. exd5 Nf4 18. Qf5 Nxd5 19. Nxd5 Qxd5 20. Qxd5
Bxd5 21. Rfe1 Bf6 22. Rad1 Rfe8 23. Rxe8+ Rxe8 24. Nf1 Bc4 25. Ne3 Rd8 26.
Rxd8+ Bxd8 27. f4 Bf6 28. Nxc4 bxc4 29. Kf2 Bb2 30. a4 c3 31. b5 axb5 32. axb5
c2 33. b6 cxb6 34. Ke2 c1=Q 0-1

[Event "Detroit (MCO/DEU/4/9)"]
[Site "?"]
[Date "1994.??.??"]
[Round "?"]
[White "Jackson, K."]
[Black "Scales, H."]
[Result "0-1"]
[WhiteElo "1605"]
[BlackElo "1605"]
[PlyCount "104"]
[EventDate "1994.??.??"]

{4/(9)} 1. d4 d5 2. c4 dxc4 3. Nc3 Bd7 4. e4 e6 5. Bxc4 Bb4 6. Nf3 Nc6 7. d5
exd5 8. Qxd5 Qe7 9. Bg5 f6 10. Bh4 O-O-O 11. O-O Bg4 12. Qf7 Qxf7 13. Bxf7 Bxf3
14. gxf3 Nh6 15. Be6+ Kb8 16. a3 Bxc3 17. bxc3 Rd3 18. Rab1 Rxf3 19. c4 Ne5 20.
Bd5 c6 21. Be6 Re8 22. Bf5 g6 23. Bxg6 hxg6 24. Bg3 Ka8 25. Rb2 Nxc4 26. Rb4
Nxa3 27. Ra4 Nc2 28. Rc1 Rc3 29. Bh4 g5 30. Bg3 f5 31. f4 gxf4 32. Bxf4 Rxe4
33. Rd1 Re1+ 34. Rxe1 Nxe1 35. Bxh6 Nf3+ 36. Kf2 b5 37. Rf4 Ne1 38. Kf1 Nc2 39.
Bg7 Rc4 40. Rf3 Rh4 41. h3 a5 42. Bf6 Rh5 43. Rc3 Nb4 44. Rg3 Kb7 45. Rg7+ Ka6
46. Bd4 c5 47. Bxc5 Nc6 48. Rg6 Kb7 49. Rg7+ Kc8 50. Rg8+ Kd7 51. Rg7+ Ke6 52.
Rg6+ Kd5 {[Remainder illegible; 0-1, 73?]} 0-1

[Event "Eastpointe (MI Action/2/25)"]
[Site "?"]
[Date "1994.??.??"]
[Round "?"]
[White "Jackson, K."]
[Black "Manus, J."]
[Result "1-0"]
[WhiteElo "1605"]
[BlackElo "1605"]
[PlyCount "47"]
[EventDate "1994.??.??"]

{2/(25)} 1. d4 d5 2. c4 e6 3. Nc3 Nf6 4. Nf3 Be7 5. e3 O-O 6. Be2 Bd7 7. O-O
dxc4 8. Bxc4 c6 9. e4 Qb6 10. d5 cxd5 11. exd5 Qc7 12. Bb3 Ng4 13. dxe6 Bxe6
14. Bxe6 fxe6 15. g3 Nc6 16. h3 Rfd8 17. Qe2 Nge5 18. Nxe5 Nxe5 19. Bf4 Bf6 20.
Rfe1 Rd7 21. Bxe5 Bxe5 22. Qxe5 a6 23. Qxe6+ Kh8 24. Qe8+ 1-0

[Event "Detroit (WCO/3/11)"]
[Site "?"]
[Date "1994.??.??"]
[Round "?"]
[White "Jackson, K."]
[Black "Kane, Paul"]
[Result "0-1"]
[WhiteElo "1605"]
[BlackElo "1605"]
[PlyCount "134"]
[EventDate "1994.??.??"]

{3/(11)} 1. d4 d5 2. c4 c6 3. Nc3 Nf6 4. Bg5 dxc4 5. e3 b5 6. Nf3 Bf5 7. Be2 e6
8. O-O Be7 9. a4 b4 10. Na2 O-O 11. Bxc4 a5 12. Rc1 Nbd7 13. Bd3 Bxd3 14. Qxd3
Qb6 15. Ne5 Rfe8 16. Bxf6 Nxf6 17. Nxc6 Bd6 18. e4 Bf4 19. Rc5 Nd7 20. Rc4 Qa6
21. b3 Nb6 22. d5 Nxc4 23. bxc4 exd5 24. exd5 Rac8 25. Qf3 Qxc4 26. Nxa5 Qxa2
27. Qxf4 b3 28. Nxb3 Qxb3 29. d6 Red8 30. a5 Qc4 31. Qxc4 Rxc4 32. Rd1 Ra4 33.
Rd5 Kf8 34. g3 Ke8 35. Re5+ Kd7 36. Re7+ Kxd6 37. Rxf7 Rg8 38. Rf5 g6 39. Rf6+
Ke7 40. Ra6 Rd8 41. Ra7+ Rd7 42. Ra8 Rc7 43. Rh8 Kd6 44. Rd8+ Kc6 45. Ra8 Kb5
46. Rb8+ Kxa5 47. Ra8+ Kb5 48. Rxa4 Kxa4 49. h4 h5 50. Kg2 Kb4 51. Kh3 Rc3 52.
Kg2 Kc4 53. f4 Kd4 54. Kf2 Ke4 55. Kg2 Kf5 56. Kh3 Rd3 57. Kg2 Kg4 58. f5 gxf5
59. Kf2 Rxg3 60. Kf1 Kxh4 61. Kf2 Kg4 62. Kf1 h4 63. Kf2 h3 64. Kf1 h2 65. Kf2
h1=Q 66. Ke2 Qh2+ 67. Kf1 Rg1# 0-1

[Event "Eastpointe (MI Action/3/19)"]
[Site "?"]
[Date "1994.??.??"]
[Round "?"]
[White "Jackson, K."]
[Black "Kalmadi, S."]
[Result "0-1"]
[WhiteElo "1605"]
[BlackElo "1605"]
[PlyCount "44"]
[EventDate "1994.??.??"]

{3/(19)} 1. d4 Nf6 2. c4 c5 3. d5 d6 4. Nc3 g6 5. Nf3 Bg7 6. e4 Na6 7. Be2 Nc7
8. O-O O-O 9. e5 dxe5 10. Nxe5 Nfxd5 11. Nxd5 Bxe5 12. Nxc7 Qxc7 13. Re1 Bxh2+
14. Kh1 Rd8 15. Bd3 Rd4 16. g3 Bxg3 17. fxg3 Qxg3 18. Re4 Rxd3 19. Bd2 Qh3+ 20.
Kg1 Rg3+ 21. Kf2 Rg2+ 22. Kf1 Qh1# 0-1

[Event "Detroit (MCO/DEU/6/9)"]
[Site "?"]
[Date "1994.??.??"]
[Round "?"]
[White "Jackson, K."]
[Black "Hudy, M."]
[Result "0-1"]
[WhiteElo "1605"]
[BlackElo "1605"]
[PlyCount "88"]
[EventDate "1994.??.??"]

{6/(9)} 1. d4 Nf6 2. c4 g6 3. Nc3 Bg7 4. Nf3 d6 5. e4 Bg4 6. Be2 O-O 7. O-O c6
8. e5 dxe5 9. dxe5 Qxd1 10. Rxd1 Nfd7 11. h3 Bxf3 12. Bxf3 Nxe5 13. Re1 Nxf3+
14. gxf3 Re8 15. Bf4 Nd7 16. Rad1 Nc5 17. Kh1 Rad8 18. Rxd8 Rxd8 19. Rxe7 Kf8
20. Bg5 Bxc3 21. bxc3 Rd1+ 22. Kg2 h6 23. Bf6 Nd7 24. Bh4 g5 25. Bxg5 hxg5 26.
Re3 Rd2 27. Kg3 Rxa2 28. f4 gxf4+ 29. Kxf4 Rxf2+ 30. Kg3 Rc2 31. h4 a5 32. h5
a4 33. h6 Nf6 34. Rd3 Rxc3 35. Rxc3 Ne4+ 36. Kg4 Nxc3 37. Kg5 Kg8 38. Kf6 a3
39. c5 a2 40. h7+ Kxh7 41. Kxf7 a1=Q 42. Ke7 Nd5+ 43. Kd7 Qg7+ 44. Kd8 Qe7+ 0-1

[Event "Detroit (WCO/2/18)"]
[Site "?"]
[Date "1994.??.??"]
[Round "?"]
[White "Jackson, K."]
[Black "Holland, K."]
[Result "1-0"]
[WhiteElo "1605"]
[BlackElo "1605"]
[PlyCount "57"]
[EventDate "1994.??.??"]

{2/(18)} 1. d4 Nf6 2. c4 e6 3. Bg5 Be7 4. Nc3 d5 5. e3 c6 6. Nf3 Qa5 7. Be2 O-O
8. O-O Nbd7 9. a3 Qc7 10. cxd5 exd5 11. e4 dxe4 12. Nxe4 Re8 13. Nxf6+ Nxf6 14.
Bxf6 Bxf6 15. Bc4 Bg4 16. Rb1 Bxd4 17. Qxd4 Bxf3 18. gxf3 Rad8 19. Qxa7 Rd6 20.
Rfe1 Kf8 21. Rxe8+ Kxe8 22. Re1+ Kf8 23. Qa8+ Rd8 24. Qa7 Rd6 25. Qe3 Qd7 26.
Qc5 Kg8 27. Kh1 Rh6 28. Qf5 Rd6 29. Qxd7 1-0

[Event "Novi (MI Women/4/6)"]
[Site "?"]
[Date "1994.??.??"]
[Round "?"]
[White "Jackson, K."]
[Black "Hickey, Ashley"]
[Result "1-0"]
[WhiteElo "1605"]
[BlackElo "1605"]
[PlyCount "27"]
[EventDate "1994.??.??"]

{4/(6)} 1. d4 e5 2. c4 Nc6 3. dxe5 Nf6 4. exf6 gxf6 5. Nc3 Bb4 6. Nf3 Bxc3+ 7.
bxc3 O-O 8. Bh6 Re8 9. e4 d6 10. Be2 Be6 11. O-O Na5 12. Qd2 f5 13. Qd4 fxe4
14. Qg7# 1-0

[Event "Eastpointe (MI Action/5/22)"]
[Site "?"]
[Date "1994.??.??"]
[Round "?"]
[White "Jackson, K."]
[Black "Herron, D."]
[Result "1-0"]
[WhiteElo "1605"]
[BlackElo "1605"]
[PlyCount "51"]
[EventDate "1994.??.??"]

{5/(22)} 1. d4 Nf6 2. c4 e6 3. Nc3 d5 4. e3 dxc4 5. Bxc4 Be7 6. Nf3 O-O 7. O-O
Nc6 8. Re1 Nb4 9. e4 a6 10. a3 b5 11. Bb3 Nc6 12. d5 exd5 13. exd5 Na5 14. Bf4
Nxb3 15. Qxb3 Bd7 16. Qd1 Bd6 17. Bxd6 cxd6 18. Ne4 Nxe4 19. Rxe4 Bf5 20. Rf4
Qd7 21. Qd4 Ra7 22. Nh4 Bg6 23. Rg4 Rc7 24. Nxg6 Qc8 25. Ne7+ Kh8 26. Qxg7# 1-0

[Event "Romulus (RVO/3/31)"]
[Site "?"]
[Date "1994.??.??"]
[Round "?"]
[White "Jackson, K."]
[Black "Hartwig, Thomas"]
[Result "1-0"]
[WhiteElo "1605"]
[BlackElo "1605"]
[PlyCount "29"]
[EventDate "1994.??.??"]

{3/(31)} 1. d4 d5 2. c4 dxc4 3. Nc3 Bf5 4. e4 Bg6 5. Bxc4 e6 6. Nf3 c5 7. d5
Nf6 8. O-O Bxe4 9. dxe6 Qxd1 10. exf7+ Ke7 11. Rxd1 Bxf3 12. Re1+ Kd8 13. gxf3
Nbd7 14. Bg5 a6 15. Re8+ 1-0

[Event "Romulus (RVO/1/25)"]
[Site "?"]
[Date "1994.??.??"]
[Round "?"]
[White "Jackson, K."]
[Black "Calton, David A"]
[Result "0-1"]
[WhiteElo "1605"]
[BlackElo "1765"]
[PlyCount "52"]
[EventDate "1994.??.??"]

{1/(25)} 1. d4 g6 2. c4 Bg7 3. Nf3 d6 4. d5 e5 5. e4 f5 6. Nc3 Nf6 7. Bg5 h6 8.
Bxf6 Qxf6 9. Bd3 O-O 10. O-O Na6 11. Rc1 Nc5 12. Nb5 fxe4 13. Nxc7 Nxd3 14.
Nxa8 exf3 15. Qxd3 fxg2 16. Kxg2 Bf5 17. Qb3 Rxa8 18. Qxb7 Rf8 19. Qxa7 Be4+
20. f3 Bxf3+ 21. Rxf3 Qxf3+ 22. Kg1 Rf5 23. Qb8+ Kh7 24. h4 Qg4+ 25. Kh1 Rf2
26. Qxd6 Qg2# 0-1

[Event "Grand Rapids (MI Am/3/34)"]
[Site "?"]
[Date "1994.??.??"]
[Round "?"]
[White "Jackson, Don"]
[Black "Arenson, Kevin"]
[Result "1-0"]
[WhiteElo "1605"]
[BlackElo "1605"]
[PlyCount "109"]
[EventDate "1994.??.??"]

{3/(34)} 1. g4 e5 2. Bg2 d6 3. c4 Bxg4 4. Bxb7 Nd7 5. Bxa8 Qxa8 6. f3 Be6 7. b3
Be7 8. h4 d5 9. d3 Bb4+ 10. Bd2 Qb7 11. a3 Bc5 12. b4 Bd4 13. Nc3 Bxc3 14. Bxc3
dxc4 15. e4 Ne7 16. Nh3 Bxh3 17. Rxh3 O-O 18. dxc4 Rd8 19. Rg3 f6 20. c5 Nc6
21. Qb3+ Kf8 22. O-O-O Nxc5 23. Rxd8+ Nxd8 24. Qd5 Qxd5 25. exd5 Nd7 26. Rg2
Nb6 27. Bb2 c6 28. d6 Nc4 29. d7 g6 30. Kc2 Nxb2 31. Kxb2 Ke7 32. Rd2 h5 33.
Rg2 Kxd7 34. Rxg6 Ke7 35. Rh6 Ke6 36. Rxh5 Nf7 37. Rh7 f5 38. Kc3 Kf6 39. h5
Ng5 40. Rxa7 Nxf3 41. h6 Ng5 42. h7 Nf7 43. Rxf7+ Kxf7 44. h8=Q Kg6 45. Qxe5
Kg5 46. Kd3 Kg4 47. Ke3 Kg5 48. a4 Kg4 49. a5 Kg5 50. a6 Kg4 51. a7 Kg5 52.
a8=Q Kg4 53. Qg8+ Kh3 54. Qxf5+ Kh4 55. Qfg4# 1-0

[Event "Grand Rapids (MI Am/1/12)"]
[Site "?"]
[Date "1994.??.??"]
[Round "?"]
[White "Jackson, Don"]
[Black "Anderson, R."]
[Result "0-1"]
[WhiteElo "1605"]
[BlackElo "1860"]
[PlyCount "50"]
[EventDate "1994.??.??"]

{1/(12)} 1. g4 d5 2. h3 e5 3. Bg2 Bc5 4. c4 Ne7 5. e3 O-O 6. Nc3 c6 7. d3 d4 8.
Ne4 Bb6 9. c5 Ba5+ 10. Bd2 dxe3 11. Bxa5 Qxa5+ 12. Ke2 exf2 13. Nxf2 Nd7 14. a3
Qxc5 15. Ne4 Qd4 16. Qb3 Nd5 17. Kd2 N7b6 18. Nf3 Qe3+ 19. Kd1 Qf4 20. Ke2 Be6
21. Qc2 Ne3 22. Qc5 Nbd5 23. Bf1 f5 24. Nfg5 fxe4 25. Nxe6 Qf2# 0-1

[Event "Gaylord (NMO/2/3)"]
[Site "?"]
[Date "1994.??.??"]
[Round "?"]
[White "Iyer, Krishnan"]
[Black "Yahkind, Alex"]
[Result "0-1"]
[WhiteElo "1605"]
[BlackElo "2065"]
[PlyCount "58"]
[EventDate "1994.??.??"]

{2/(3)} 1. d4 d5 2. Nf3 Nf6 3. e3 e6 4. Bd3 c5 5. c4 dxc4 6. Bxc4 Nc6 7. Nc3
Be7 8. O-O O-O 9. dxc5 Bxc5 10. Qxd8 Rxd8 11. a3 a5 12. Rd1 Rxd1+ 13. Nxd1 e5
14. Ng5 Nd8 15. Nc3 Bf5 16. Bd2 h6 17. Nf3 Nc6 18. Nd5 Ne4 19. Bd3 Rd8 20. Nc3
Rxd3 21. Nxe4 Bxe4 22. Bc3 Bxf3 23. gxf3 b5 24. Kf1 b4 25. Ke2 Rd6 26. axb4
Bxb4 27. Bxb4 axb4 28. Ra8+ Kh7 29. Ra6 Nd4+ 0-1

[Event "Eastpointe (US Am N/6/20)"]
[Site "?"]
[Date "1994.??.??"]
[Round "?"]
[White "Iyer, Krishnan"]
[Black "Vaka, Flamur"]
[Result "0-1"]
[WhiteElo "1605"]
[BlackElo "1635"]
[PlyCount "52"]
[EventDate "1994.??.??"]

{6/(20)} 1. d4 Nf6 2. Nf3 e6 3. e3 c5 4. c4 cxd4 5. exd4 d5 6. Ne5 dxc4 7. Bxc4
Be7 8. O-O O-O 9. Nc3 Nbd7 10. Re1 a6 11. a3 Qc7 12. Bd3 b5 13. Qc2 Bb7 14. Nd5
Nxd5 15. Qxc7 Nxc7 16. Nxd7 Rfd8 17. Nb6 Rab8 18. d5 Bc5 19. Be3 Bxe3 20. Rxe3
Bxd5 21. Nxd5 Nxd5 22. Re5 Nf4 23. Be4 Rd2 24. g3 Nh3+ 25. Kg2 Nxf2 26. Kf3
Nxe4 0-1

[Event "Gaylord (NMO/4/9)"]
[Site "?"]
[Date "1994.??.??"]
[Round "?"]
[White "Iyer, Krishnan"]
[Black "Sansone, W."]
[Result "1-0"]
[WhiteElo "1605"]
[BlackElo "1605"]
[PlyCount "65"]
[EventDate "1994.??.??"]

{4/(9)} 1. e4 c6 2. d4 d5 3. e5 Bf5 4. Bd3 Bxd3 5. Qxd3 e6 6. Ne2 Nd7 7. Be3 c5
8. c3 Rc8 9. O-O Ne7 10. Ng3 Qb6 11. b3 Ng6 12. f4 f5 13. exf6 Nxf6 14. f5 Nh4
15. fxe6 Qxe6 16. Bg5 Ng6 17. Nd2 Be7 18. Rae1 Qc6 19. Nf5 Rc7 20. Nxg7+ Kf7
21. Rxe7+ Rxe7 22. Rxf6+ Qxf6 23. Bxf6 Kxf6 24. Nh5+ Kg5 25. Ng3 Re1+ 26. Kf2
Rhe8 27. Nf3+ Kf6 28. Nxe1 Rf8 29. Nf3 Nf4 30. Qxh7 Rf7 31. Qh4+ Kg7 32. Qxf4
Rxf4 33. Nh5+ 1-0

[Event "Romulus (RVO/3/27)"]
[Site "?"]
[Date "1994.??.??"]
[Round "?"]
[White "Iyer, Krishnan"]
[Black "Raupp, Kenneth A"]
[Result "1-0"]
[WhiteElo "1605"]
[BlackElo "1605"]
[PlyCount "122"]
[EventDate "1994.??.??"]

{3/(27)} 1. d4 e6 2. e3 f5 3. Bd3 d5 4. Nf3 Nf6 5. O-O Bd6 6. c4 c6 7. c5 Bc7
8. b4 O-O 9. Ne5 Nbd7 10. f4 Nxe5 11. fxe5 Ne4 12. Rf3 Qg5 13. Qe1 Bd7 14. Bd2
Be8 15. Bxe4 fxe4 16. Rxf8+ Kxf8 17. Qf2+ Ke7 18. Nc3 Bh5 19. Rf1 Kd7 20. a4 a6
21. a5 Rg8 22. Na4 Bf3 23. Kh1 Bh5 24. Be1 Bd8 25. Qf4 Ke8 26. Nb6 Qxf4 27.
exf4 Bxb6 28. cxb6 Rf8 29. Kg1 h6 30. Bh4 Rf5 31. Rc1 Be2 32. Bg3 g5 33. fxg5
hxg5 34. Bf2 Kf7 35. h3 Kg6 36. Re1 Bd3 37. Re3 Rf4 38. Rg3 Be2 39. Re3 Bh5 40.
g4 Bxg4 41. hxg4 Rxg4+ 42. Bg3 Kf5 43. Kh2 Kg6 44. Kh3 Kf5 45. Rc3 e3 46. Rxe3
Rxd4 47. Rf3+ Ke4 48. Rf6 Rxb4 49. Rxe6 Rb3 50. Kg4 d4 51. Rd6 Rxg3+ 52. Kxg3
Kxe5 53. Rd7 c5 54. Kf2 c4 55. Rxb7 c3 56. Rc7 Ke4 57. b7 Kd3 58. b8=Q Kd2 59.
Rd7 d3 60. Qd6 Kc1 61. Rb7 g4 1-0